000 00594cam a22002052 4500
001 0000003142
005 20151217151916.0
008 070430s xx 000 0 eng d
020 _a141290403X :
_cKES 2,800
040 _aKABU
_cKABU
050 0 _aHM851
_b.D55
100 1 _aDijk, Jam A. G. M. Van.
_@0000152811
245 1 4 _aThe Deepening divide :
_binequality in the information society.
260 _aLondon :
_bSage,
_c2005.
300 _a240 p.
650 0 _aInformation society.
_@0000134685
908 _a070430
950 _@1
999 _c6247
_d6247